Novelistas hispanoamericanos de hoy

Kaydedildi:
Detaylı Bibliyografya
Yazar: Loveluck, Juan (autor)
Materyal Türü: Kitap
Dil:İspanyolca
Baskı/Yayın Bilgisi: Madrid Taurus 1976
Seri Bilgileri:Colección Persiles. Serie El Escritor y La Crítica, 90
Konular:
Etiketler: Etiketle
Etiket eklenmemiş, İlk siz ekleyin!

MARC

LEADER 00000nam a2200000 a 4500
001 UCT6731
003 CL-VaPUC
008 970113e19760000SP |||||||||||||||||spa|d
082 0 4 |a H863.09  |b LOV  |2 21 
100 |a Loveluck, Juan  |e autor  |9 577380 
245 1 0 |a Novelistas hispanoamericanos de hoy 
300 |a 335 p 
942 |c BK 
945 |d 19970113 00:00:00  |a nastorga 
260 |a Madrid  |b Taurus  |c 1976 
600 0 7 |a ROA BASTOS, AUGUSTO  |2 CL-VaPUC  |9 376695 
600 0 7 |a CARPENTIER, ALEJO  |2 CL-VaPUC  |9 317536 
600 0 7 |a RULFO, JUAN  |2 CL-VaPUC  |9 318391 
650 0 |a Novela latinoamericana  |9 316003 
650 0 |a Historia y crítica   |9 257407 
650 0 |a Biografías  |9 255210 
583 |a last modification  |c 19970113 00:00:00  |k Rodrigo Vera 
490 0 |a Colección Persiles. Serie El Escritor y La Crítica, 90 
999 |c 255408  |d 255406 
952 |0 0  |1 0  |4 0  |6 H_863_090000000000000_LOV_1976  |7 0  |8 A  |9 277633  |a BIBEDU  |b BIBEDU  |d 2019-11-19  |i 1443305  |o H863.09 LOV 1976  |p 1443305  |r 2019-11-19  |w 2019-11-19  |y BK  |k LIT 
952 |0 0  |1 0  |4 0  |6 H_863_090000000000000_LOV_1976  |7 0  |8 A  |9 277634  |a FDOPOS  |b FDOPOS  |d 2019-11-19  |i 3711080  |o H863.09 LOV 1976  |p 3711080  |r 2025-01-22  |w 2019-11-19  |y BK  |k MLH